[Event "18. Open de Gros 2008"]
[Site "San Sebastián ESP"]
[Date "2008.09.22"]
[Round "4.1"]
[White "Inkiov, Ventzislav"]
[Black "Meijers, Viesturs"]
[Result "1-0"]
[WhiteElo "2446"]
[BlackElo "2496"]
[PlyCount "26"]
[EventDate "2008.09.20"]
[EventType "swiss"]
[EventRounds "9"]
[EventCountry "ESP"]
[Source "lmi"]
[SourceDate "2008.09.20"]

1. d4 Nf6 2. c4 e6 3. g3 d5 4. Nf3 dxc4 5. Bg2 Nc6 6. Qa4 Bb4+ 7. Bd2 Nd5 8.
Bxb4 Ndxb4 9. e3 b5 10. Qxb5 Nc2+ 11. Kd2 Nxa1 12. Qxc6+ Bd7 13. Qxc4 c5 1-0

[Event "18. Open de Gros 2008"]
[Site "San Sebastián ESP"]
[Date "2008.09.22"]
[Round "4.2"]
[White "Rodriguez Gonzalez, Javier"]
[Black "Paunovic, Dragan"]
[Result "0-1"]
[WhiteElo "2280"]
[BlackElo "2539"]
[PlyCount "68"]
[EventDate "2008.09.20"]
[EventType "swiss"]
[EventRounds "9"]
[EventCountry "ESP"]
[Source "lmi"]
[SourceDate "2008.09.20"]

1. d4 d6 2. e4 Nf6 3. Bd3 e5 4. c3 g6 5. Ne2 Bg7 6. O-O O-O 7. f4 exd4 8. cxd4
Nbd7 9. Nbc3 c5 10. dxc5 Nxc5 11. Bc2 Re8 12. Ng3 Bg4 13. Qd2 Qb6 14. Qf2 Bd7
15. h3 Bc6 16. Re1 h5 17. Kh2 h4 18. Nge2 Bxe4 19. Nxe4 Ncxe4 20. Qxh4 Qc5 21.
Bb3 a5 22. Ng3 a4 23. Be3 Qb5 24. Nxe4 Nxe4 25. Bd1 a3 26. Be2 Qa5 27. bxa3
Bxa1 28. Rxa1 Qc3 29. f5 Qxe3 30. fxg6 fxg6 31. Bc4+ Kg7 32. Rf1 Ng5 33. Rb1
Re7 34. Rb3 Qe5+ 0-1

[Event "18. Open de Gros 2008"]
[Site "San Sebastián ESP"]
[Date "2008.09.22"]
[Round "4.3"]
[White "Ninov, Nikolai"]
[Black "Sanz Perez, Eduardo"]
[Result "1-0"]
[WhiteElo "2515"]
[BlackElo "2154"]
[PlyCount "63"]
[EventDate "2008.09.20"]
[EventType "swiss"]
[EventRounds "9"]
[EventCountry "ESP"]
[Source "lmi"]
[SourceDate "2008.09.20"]

1. e4 e6 2. d4 d5 3. Nc3 Nf6 4. Bg5 Bb4 5. e5 h6 6. Bd2 Bxc3 7. Bxc3 Ne4 8. Ne2
c5 9. dxc5 Nxc3 10. Nxc3 Qc7 11. Qd4 O-O 12. Nb5 Qa5+ 13. c3 Nc6 14. Qf4 f6 15.
exf6 Rxf6 16. Qc7 Qa4 17. Bd3 e5 18. O-O Qh4 19. f3 Bh3 20. gxh3 Qxh3 21. Nd6
e4 22. Nxe4 Rxf3 23. Nf2 Qh4 24. Be2 Qg5+ 25. Kh1 Rf7 26. Qg3 Qd2 27. Bh5 Rf5
28. Ng4 Raf8 29. Rxf5 Rxf5 30. Rg1 Kh8 31. Bg6 Rg5 32. Qe3 1-0

[Event "18. Open de Gros 2008"]
[Site "San Sebastián ESP"]
[Date "2008.09.22"]
[Round "4.4"]
[White "Rizouk, Aimen"]
[Black "Argandona Riveiro, Inigo"]
[Result "1/2-1/2"]
[WhiteElo "2507"]
[BlackElo "2375"]
[PlyCount "99"]
[EventDate "2008.09.20"]
[EventType "swiss"]
[EventRounds "9"]
[EventCountry "ESP"]
[Source "lmi"]
[SourceDate "2008.09.20"]

1. e4 e5 2. Bc4 f5 3. d3 Nf6 4. Nf3 Nc6 5. O-O fxe4 6. dxe4 Bc5 7. Ng5 Qe7 8.
Nc3 Nd8 9. Na4 Bd6 10. Bb3 Ne6 11. Bxe6 dxe6 12. Qe2 Bd7 13. Nc3 a6 14. Nf3 Qf7
15. Nd2 b5 16. a4 Rb8 17. axb5 axb5 18. Nd1 O-O 19. b3 Qg6 20. Bb2 Nh5 21. Ne3
Nf4 22. Qg4 Qf6 23. Kh1 h5 24. Qd1 Qh6 25. Nf3 Bc6 26. Nxe5 Bxe4 27. f3 Nd5 28.
Nxd5 Bxd5 29. Qc1 Qxc1 30. Rfxc1 Rf5 31. Re1 h4 32. h3 b4 33. Ng4 Bg3 34. Re2
Rbf8 35. Be5 c5 36. Kg1 c4 37. Bxg3 hxg3 38. bxc4 Bxc4 39. Re4 Rc5 40. Ne3 Rfc8
41. Rg4 Bd3 42. Ra7 b3 43. Rgxg7+ Kh8 44. cxd3 Rc1+ 45. Nf1 b2 46. Rh7+ Kg8 47.
Rag7+ Kf8 48. Rb7 Kg8 49. Rhg7+ Kh8 50. Rh7+ 1/2-1/2

[Event "18. Open de Gros 2008"]
[Site "San Sebastián ESP"]
[Date "2008.09.22"]
[Round "4.5"]
[White "Simutowe, Amon"]
[Black "Lakunza Oyarbide, Juan Carlos"]
[Result "1-0"]
[WhiteElo "2458"]
[BlackElo "2122"]
[PlyCount "59"]
[EventDate "2008.09.20"]
[EventType "swiss"]
[EventRounds "9"]
[EventCountry "ESP"]
[Source "lmi"]
[SourceDate "2008.09.20"]

1. c4 Nf6 2. Nc3 c5 3. Nf3 Nc6 4. d4 cxd4 5. Nxd4 e6 6. g3 a6 7. Bg2 Qb6 8.
Nxc6 dxc6 9. O-O Be7 10. Na4 Qc7 11. c5 Rb8 12. e4 e5 13. f4 O-O 14. f5 Qa5 15.
Qc2 Rd8 16. a3 Qb5 17. Rf3 Rd4 18. b4 Rxe4 19. Bf1 Re1 20. Bb2 Rxf1+ 21. Raxf1
Nd7 22. Re3 f6 23. Rd1 a5 24. Qb3+ Kf8 25. Red3 axb4 26. axb4 Nxc5 27. Nxc5
Bxf5 28. Nd7+ Bxd7 29. Rxd7 Bxb4 30. Qf7# 1-0

[Event "18. Open de Gros 2008"]
[Site "San Sebastián ESP"]
[Date "2008.09.22"]
[Round "4.6"]
[White "Spassov, Liuben"]
[Black "Bello Castano, Diego"]
[Result "1-0"]
[WhiteElo "2428"]
[BlackElo "1887"]
[PlyCount "62"]
[EventDate "2008.09.20"]
[EventType "swiss"]
[EventRounds "9"]
[EventCountry "ESP"]
[Source "lmi"]
[SourceDate "2008.09.20"]

1. d4 c6 2. c4 d5 3. Nf3 Nf6 4. e3 e6 5. Bd3 Nbd7 6. O-O Bd6 7. Nbd2 O-O 8. e4
e5 9. cxd5 cxd5 10. exd5 exd4 11. Nc4 Nb6 12. Nxd6 Qxd6 13. Nxd4 Ng4 14. Nf3
Qxd5 15. Qc2 Qh5 16. Re1 Bd7 17. h3 Rac8 18. hxg4 Bxg4 19. Qb3 Bxf3 20. gxf3
Nd5 21. Bd2 Rc6 22. Kg2 Rh6 23. Rh1 Rg6+ 24. Bxg6 Qxg6+ 25. Kf1 Qa6+ 26. Ke1
Re8+ 27. Be3 Nf4 28. Qc2 Nd3+ 29. Kf1 Nf4+ 30. Kg1 Ne2+ 31. Kg2 Qf6 1-0

[Event "18. Open de Gros 2008"]
[Site "San Sebastián ESP"]
[Date "2008.09.22"]
[Round "4.7"]
[White "Marholev, Dimitar"]
[Black "Olmo Vega, Diego"]
[Result "1-0"]
[WhiteElo "2366"]
[BlackElo "1978"]
[PlyCount "59"]
[EventDate "2008.09.20"]
[EventType "swiss"]
[EventRounds "9"]
[EventCountry "ESP"]
[Source "lmi"]
[SourceDate "2008.09.20"]

1. e4 c5 2. Nc3 Nc6 3. Bb5 g6 4. Bxc6 dxc6 5. d3 Bg7 6. Nge2 Nf6 7. Be3 b6 8.
f3 O-O 9. Qd2 e5 10. Bh6 Qe7 11. h4 Rd8 12. Qe3 Bh8 13. O-O-O a5 14. g4 a4 15.
Ng3 b5 16. Nf5 Qa7 17. h5 b4 18. Ne2 Be6 19. hxg6 fxg6 20. Bg5 Bxa2 21. Nh6+
Kf8 22. f4 Nd7 23. f5 Bf6 24. fxg6 hxg6 25. Bxf6 Nxf6 26. Qg5 Qg7 27. Rdf1 Rd6
28. Qxe5 Re6 29. Qxc5+ Ke8 30. Nd4 1-0

[Event "18. Open de Gros 2008"]
[Site "San Sebastián ESP"]
[Date "2008.09.22"]
[Round "4.8"]
[White "Martin Alvarez, Inigo"]
[Black "Mitt, Hando"]
[Result "1-0"]
[WhiteElo "2200"]
[BlackElo "1826"]
[PlyCount "103"]
[EventDate "2008.09.20"]
[EventType "swiss"]
[EventRounds "9"]
[EventCountry "ESP"]
[Source "lmi"]
[SourceDate "2008.09.20"]

1. e4 d6 2. d4 g6 3. Nc3 Bg7 4. f4 Nf6 5. Nf3 O-O 6. Bd3 Nc6 7. O-O e5 8. fxe5
dxe5 9. d5 Nb4 10. Be2 c6 11. a3 Na6 12. dxc6 Qb6+ 13. Kh1 Ng4 14. Nd5 Qc5 15.
Bxa6 bxa6 16. b4 Qd6 17. Bb2 Rd8 18. h3 f5 19. hxg4 fxe4 20. c7 Rd7 21. Nxe5
Bxe5 22. Bxe5 Qxd5 23. Bg3 Bb7 24. Qxd5+ Rxd5 25. Rad1 Rxd1 26. Rxd1 Bc8 27.
Rd8+ Kf7 28. Kg1 Ke7 29. Kf2 g5 30. Ke3 h6 31. c4 Kf7 32. c5 Ke6 33. c6 Ke7 34.
Kxe4 Ke6 35. Bh2 Kf6 36. Be5+ Kf7 37. g3 Kg6 38. Kd5 h5 39. gxh5+ Kxh5 40. Kd6
Kg4 41. Rxc8 Rxc8 42. Kd7 Kf5 43. Kxc8 Kxe5 44. Kb7 a5 45. bxa5 Ke4 46. g4 Kd5
47. Kxa7 Kc5 48. c8=Q Kb5 49. Qb7+ Kc5 50. c7 Kd4 51. c8=R Ke5 52. Qb4 1-0

[Event "18. Open de Gros 2008"]
[Site "San Sebastián ESP"]
[Date "2008.09.22"]
[Round "4.9"]
[White "Espin Laborde, Jesus Maria"]
[Black "Maruejols, Claude"]
[Result "0-1"]
[WhiteElo "1811"]
[BlackElo "2044"]
[PlyCount "52"]
[EventDate "2008.09.20"]
[EventType "swiss"]
[EventRounds "9"]
[EventCountry "ESP"]
[Source "lmi"]
[SourceDate "2008.09.20"]

1. e4 c5 2. Nf3 d6 3. d4 cxd4 4. Nxd4 Nf6 5. Nc3 a6 6. Be3 e5 7. Nb3 Be6 8. f3
Be7 9. Qd2 O-O 10. O-O-O Nbd7 11. g4 b5 12. Kb1 b4 13. Nd5 Bxd5 14. exd5 Nb6
15. Bxb6 Qxb6 16. h4 a5 17. Qd3 e4 18. Qe2 a4 19. Nd2 Nxd5 20. Nxe4 Nc3+ 21.
Nxc3 bxc3 22. Qb5 Qa7 23. Qe2 Rfb8 24. b3 Qc5 25. Ka1 Qa3 26. Rb1 Qxa2+ 0-1

[Event "18. Open de Gros 2008"]
[Site "San Sebastián ESP"]
[Date "2008.09.22"]
[Round "4.10"]
[White "Roldan Riaga, Roberto"]
[Black "Cantabrana Garona, Alejandro"]
[Result "1-0"]
[WhiteElo "2028"]
[BlackElo "1824"]
[PlyCount "51"]
[EventDate "2008.09.20"]
[EventType "swiss"]
[EventRounds "9"]
[EventCountry "ESP"]
[Source "lmi"]
[SourceDate "2008.09.20"]

1. e4 c5 2. Nf3 e6 3. d4 cxd4 4. Nxd4 Nf6 5. Nc3 a6 6. e5 Ng8 7. Bf4 Ne7 8. Bd3
Nbc6 9. Nxc6 dxc6 10. O-O Nd5 11. Bd2 Nxc3 12. Bxc3 b5 13. Qf3 Bb7 14. Be4 Rc8
15. Rfd1 Qc7 16. a3 Be7 17. Rd3 Rd8 18. Rad1 Rxd3 19. Rxd3 O-O 20. Bxh7+ Kxh7
21. Qh5+ Kg8 22. Rh3 f5 23. exf6 Bxf6 24. Qh7+ Kf7 25. Bxf6 Ke8 26. Qxg7 1-0

[Event "18. Open de Gros 2008"]
[Site "San Sebastián ESP"]
[Date "2008.09.22"]
[Round "4.11"]
[White "Veras Sanz, Jose Antonio"]
[Black "Darrigues, Alain"]
[Result "1-0"]
[WhiteElo "1671"]
[BlackElo "2012"]
[PlyCount "85"]
[EventDate "2008.09.20"]
[EventType "swiss"]
[EventRounds "9"]
[EventCountry "ESP"]
[Source "lmi"]
[SourceDate "2008.09.20"]

1. e4 c5 2. Nc3 Nc6 3. g3 g6 4. Bg2 Bg7 5. d3 e6 6. f4 d6 7. Nf3 Nge7 8. O-O
O-O 9. Be3 Nd4 10. e5 Nef5 11. Bf2 dxe5 12. fxe5 Nxf3+ 13. Qxf3 Nd4 14. Qd1 Rb8
15. Ne4 Bxe5 16. c3 Nc6 17. Bxc5 Re8 18. d4 f5 19. dxe5 fxe4 20. Qxd8 Rxd8 21.
Bd6 Ra8 22. Bxe4 Bd7 23. Rf6 Re8 24. Raf1 Rad8 25. Rf7 Bc8 26. Bxc6 bxc6 27.
Rxa7 Rd7 28. Rxd7 Bxd7 29. a4 Bc8 30. b4 Ba6 31. Rf4 Bd3 32. c4 Ra8 33. a5 Kg7
34. Kf2 Bc2 35. Ke3 h5 36. h4 Bf5 37. Kd4 Kf7 38. Kc5 Ra6 39. Bc7 Ke8 40. Rd4
Bh3 41. Bb6 Bg2 42. Rd6 Ke7 43. b5 1-0

[Event "18. Open de Gros 2008"]
[Site "San Sebastián ESP"]
[Date "2008.09.22"]
[Round "4.12"]
[White "Moreno Romero, Ernesto"]
[Black "Tung, Kai Ming"]
[Result "0-1"]
[WhiteElo "1809"]
[BlackElo "1989"]
[PlyCount "42"]
[EventDate "2008.09.20"]
[EventType "swiss"]
[EventRounds "9"]
[EventCountry "ESP"]
[Source "lmi"]
[SourceDate "2008.09.20"]

1. d4 e6 2. c4 Nf6 3. Nc3 b6 4. Nf3 Bb7 5. e4 Nxe4 6. Nxe4 Bxe4 7. Be3 Bxf3 8.
Qxf3 Bb4+ 9. Bd2 Bxd2+ 10. Kxd2 Nc6 11. Qe4 Qf6 12. Kc3 O-O 13. Bd3 g6 14. h4
d5 15. Qe3 dxc4 16. Bxc4 Rad8 17. Rad1 Na5 18. Be2 c5 19. h5 cxd4+ 20. Rxd4
Rxd4 21. Qxd4 Rc8+ 0-1

[Event "18. Open de Gros 2008"]
[Site "San Sebastián ESP"]
[Date "2008.09.22"]
[Round "4.13"]
[White "Boo Aldanondo, Alex"]
[Black "Tung, Siu Hung"]
[Result "0-1"]
[WhiteElo "1683"]
[BlackElo "1905"]
[PlyCount "76"]
[EventDate "2008.09.20"]
[EventType "swiss"]
[EventRounds "9"]
[EventCountry "ESP"]
[Source "lmi"]
[SourceDate "2008.09.20"]

1. e4 c6 2. d4 g6 3. Bc4 Bg7 4. Qf3 e6 5. e5 d5 6. Bd3 c5 7. c3 Nc6 8. Ne2 Qb6
9. Qg4 f6 10. Bxg6+ hxg6 11. Qxg6+ Kf8 12. exf6 Nxf6 13. Bg5 Ne7 14. Qc2 Bd7
15. dxc5 Qxc5 16. Bxf6 Bxf6 17. Nd2 a5 18. Nf3 a4 19. a3 b5 20. Rd1 Kf7 21.
Nfd4 Rag8 22. Ng3 Rg4 23. Qd3 e5 24. Nde2 e4 25. Qe3 Qc7 26. h3 Rg5 27. O-O
Rhg8 28. Kh1 Be5 29. h4 Rg4 30. h5 R8g5 31. f4 exf3 32. Qxf3+ Ke6 33. Qf7+ Kd6
34. Nf4 Rh4+ 35. Kg1 Qc5+ 36. Rf2 Rxf4 37. Qxf4 Rxg3 38. Qh4 Rg4 0-1

[Event "18. Open de Gros 2008"]
[Site "San Sebastián ESP"]
[Date "2008.09.22"]
[Round "4.14"]
[White "Zubia Aramburu, Mikel"]
[Black "Burgana Lardizabal, Jose Angel"]
[Result "1/2-1/2"]
[WhiteElo "1901"]
[BlackElo "1777"]
[PlyCount "37"]
[EventDate "2008.09.20"]
[EventType "swiss"]
[EventRounds "9"]
[EventCountry "ESP"]
[Source "lmi"]
[SourceDate "2008.09.20"]

1. c4 e6 2. Nc3 d5 3. cxd5 exd5 4. d4 Nf6 5. g3 c6 6. Bg2 Bd6 7. Bg5 O-O 8. e3
Re8 9. Nge2 Nbd7 10. O-O h6 11. Bxf6 Nxf6 12. Rc1 Bf5 13. Qb3 Qd7 14. Rfe1 Rac8
15. Qa4 Bb8 16. b4 a6 17. Qb3 Bh3 18. Bh1 Qf5 19. Qc2 1/2-1/2

[Event "18. Open de Gros 2008"]
[Site "San Sebastián ESP"]
[Date "2008.09.22"]
[Round "4.15"]
[White "Diez Viera, Oscar"]
[Black "Elduayen Etxabe, Inaki"]
[Result "0-1"]
[WhiteElo "1882"]
[BlackElo "1739"]
[PlyCount "54"]
[EventDate "2008.09.20"]
[EventType "swiss"]
[EventRounds "9"]
[EventCountry "ESP"]
[Source "lmi"]
[SourceDate "2008.09.20"]

1. e4 g6 2. d4 Bg7 3. f4 d6 4. Be3 Nc6 5. Bb5 Nf6 6. Nc3 Ng4 7. Bc1 O-O 8. Nf3
e5 9. Bxc6 bxc6 10. dxe5 dxe5 11. h3 Qxd1+ 12. Nxd1 Nf6 13. Nxe5 Nxe4 14. Nxc6
Ng3 15. Rg1 Bb7 16. Ne5 Rfe8 17. Kf2 Ne4+ 18. Kf1 Ba6+ 19. Nd3 Bd4 20. Ne3 Ng3+
21. Kf2 Nf5 22. Re1 Re4 23. g3 Rae8 24. Ne5 f6 25. g4 Rxf4+ 26. Kg1 Nh4 27. Kh2
Rxe5 0-1

[Event "18. Open de Gros 2008"]
[Site "San Sebastián ESP"]
[Date "2008.09.22"]
[Round "4.16"]
[White "Saenz Zabala, Juan Ignacio"]
[Black "Olabe Odriozola, Eduardo"]
[Result "1-0"]
[WhiteElo "1857"]
[BlackElo "1728"]
[PlyCount "87"]
[EventDate "2008.09.20"]
[EventType "swiss"]
[EventRounds "9"]
[EventCountry "ESP"]
[Source "lmi"]
[SourceDate "2008.09.20"]

1. e4 d5 2. exd5 Nf6 3. d4 Nxd5 4. Nf3 Bf5 5. Bd2 e6 6. Be2 c5 7. c3 Nc6 8. Bb5
Qb6 9. Qe2 Nc7 10. Bxc6+ Qxc6 11. O-O Be7 12. dxc5 Rd8 13. Nd4 Qxc5 14. Nxf5
Qxf5 15. Be3 Nd5 16. Qb5+ Rd7 17. Bxa7 Ne3 18. Qxf5 Nxf5 19. Na3 Bxa3 20. bxa3
O-O 21. Bb6 Rd3 22. Ba5 b6 23. Bxb6 Rxc3 24. a4 Rfc8 25. a5 Ne7 26. a4 Nd5 27.
h3 Rb3 28. Rfb1 Rb4 29. Rxb4 Nxb4 30. Rb1 Rc4 31. Be3 h6 32. Rc1 Rxc1+ 33. Bxc1
f5 34. Kf1 Kf7 35. Ke2 e5 36. Bd2 Nd5 37. Kd3 Ke6 38. Kc4 Kd6 39. Kb5 Nc7+ 40.
Kb6 Nd5+ 41. Kb7 g5 42. a6 e4 43. a7 Nc7 44. Ba5 1-0

[Event "18. Open de Gros 2008"]
[Site "San Sebastián ESP"]
[Date "2008.09.23"]
[Round "5.1"]
[White "Ninov, Nikolai"]
[Black "Inkiov, Ventzislav"]
[Result "1-0"]
[WhiteElo "2515"]
[BlackElo "2446"]
[PlyCount "57"]
[EventDate "2008.09.20"]
[EventType "swiss"]
[EventRounds "9"]
[EventCountry "ESP"]
[Source "lmi"]
[SourceDate "2008.09.20"]

1. e4 e5 2. Nf3 Nc6 3. Bb5 f5 4. Nc3 fxe4 5. Nxe4 d5 6. Nxe5 dxe4 7. Nxc6 Qg5
8. Qe2 Nf6 9. Nxa7+ Kd8 10. Nxc8 Qxg2 11. Rf1 Qxh2 12. Nb6 cxb6 13. d3 Qe5 14.
dxe4 Nxe4 15. Bd3 Ra4 16. c3 Bc5 17. Bc2 Re8 18. Bxa4 Nxc3 19. Qxe5 Rxe5+ 20.
Be3 Nxa4 21. O-O-O+ Kc8 22. Rd3 Be7 23. Kb1 Rb5 24. Rc1+ Kb8 25. Bd4 Rd5 26.
Re3 Bd6 27. Re8+ Ka7 28. Bxg7 Bf4 29. Re4 1-0

[Event "18. Open de Gros 2008"]
[Site "San Sebastián ESP"]
[Date "2008.09.23"]
[Round "5.2"]
[White "Paunovic, Dragan"]
[Black "Simutowe, Amon"]
[Result "0-1"]
[WhiteElo "2539"]
[BlackElo "2458"]
[PlyCount "67"]
[EventDate "2008.09.20"]
[EventType "swiss"]
[EventRounds "9"]
[EventCountry "ESP"]
[Source "lmi"]
[SourceDate "2008.09.20"]

1. Nf3 d5 2. g3 Nf6 3. Bg2 Bf5 4. d3 e6 5. O-O h6 6. c4 c6 7. Nc3 Bh7 8. Be3
Bd6 9. Qb3 b6 10. cxd5 exd5 11. Bd4 O-O 12. Rfe1 Nbd7 13. e4 dxe4 14. dxe4 Nc5
15. Bxc5 Bxc5 16. Rad1 Qe7 17. e5 Ng4 18. Re2 Rad8 19. Qa4 Rxd1+ 20. Nxd1 Rd8
21. h3 b5 22. Qxg4 Rxd1+ 23. Kh2 Qe6 24. Qxe6 fxe6 25. Rd2 Rxd2 26. Nxd2 Bxf2
27. Bxc6 b4 28. a3 Bd4 29. Nf3 Bxb2 30. axb4 Kf7 31. Kg2 Ba3 32. b5 Bc5 33. g4
g5 34. h4 0-1

[Event "18. Open de Gros 2008"]
[Site "San Sebastián ESP"]
[Date "2008.09.23"]
[Round "5.3"]
[White "Marholev, Dimitar"]
[Black "Rizouk, Aimen"]
[Result "1/2-1/2"]
[WhiteElo "2366"]
[BlackElo "2507"]
[PlyCount "38"]
[EventDate "2008.09.20"]
[EventType "swiss"]
[EventRounds "9"]
[EventCountry "ESP"]
[Source "lmi"]
[SourceDate "2008.09.20"]

1. e4 e5 2. Nf3 Nc6 3. Bb5 Nf6 4. O-O Nxe4 5. Re1 Nd6 6. Nxe5 Be7 7. Nxc6 dxc6
8. Bd3 O-O 9. Nc3 Re8 10. b3 Bf6 11. Rxe8+ Qxe8 12. Bb2 Bf5 13. Bxf5 Nxf5 14.
Na4 Bxb2 15. Nxb2 Qe4 16. Nc4 Rd8 17. d3 Qe6 18. Qd2 Re8 19. Rf1 b6 1/2-1/2

[Event "18. Open de Gros 2008"]
[Site "San Sebastián ESP"]
[Date "2008.09.23"]
[Round "5.4"]
[White "Meijers, Viesturs"]
[Black "Martin Alvarez, Inigo"]
[Result "1/2-1/2"]
[WhiteElo "2496"]
[BlackElo "2200"]
[PlyCount "86"]
[EventDate "2008.09.20"]
[EventType "swiss"]
[EventRounds "9"]
[EventCountry "ESP"]
[Source "lmi"]
[SourceDate "2008.09.20"]

1. c4 Nf6 2. b3 g6 3. Bb2 Bg7 4. Nf3 c5 5. e3 b6 6. g3 Bb7 7. Bg2 O-O 8. O-O
Qc7 9. Nc3 a6 10. Rc1 d6 11. d4 Nbd7 12. Qe2 Rac8 13. d5 Qb8 14. Rcd1 Ba8 15.
a4 Ne8 16. Rd2 Rc7 17. Ng5 h6 18. Nh3 Rb7 19. g4 Nc7 20. Ne4 b5 21. Bxg7 Kxg7
22. axb5 axb5 23. g5 hxg5 24. Nhxg5 bxc4 25. bxc4 Rb4 26. f4 Bb7 27. f5 Ba6 28.
fxg6 fxg6 29. Qg4 Ne5 30. Ne6+ Nxe6 31. Qxe6 Rxf1+ 32. Bxf1 Qd8 33. Qh3 Qh8 34.
Qg3 Bxc4 35. Nxc5 Rb1 36. Rf2 Bxd5 37. Qg5 Qh3 38. Qxe7+ Nf7 39. e4 Bc4 40.
Qf6+ Kh7 41. Na4 Rxf1+ 42. Rxf1 Qxf1+ 43. Qxf1 Bxf1 1/2-1/2

[Event "18. Open de Gros 2008"]
[Site "San Sebastián ESP"]
[Date "2008.09.23"]
[Round "5.5"]
[White "Maruejols, Claude"]
[Black "Spassov, Liuben"]
[Result "1/2-1/2"]
[WhiteElo "2044"]
[BlackElo "2428"]
[PlyCount "48"]
[EventDate "2008.09.20"]
[EventType "swiss"]
[EventRounds "9"]
[EventCountry "ESP"]
[Source "lmi"]
[SourceDate "2008.09.20"]

1. d4 Nf6 2. c4 e6 3. Nc3 Bb4 4. e3 O-O 5. Bd3 d5 6. Nf3 b6 7. O-O Bb7 8. cxd5
exd5 9. Ne5 Bd6 10. f4 c5 11. Qf3 Nc6 12. Qh3 g6 13. Ne2 Ne4 14. b3 Qe7 15. Bb2
f6 16. Bxe4 dxe4 17. Nc4 Nb4 18. Nxd6 Qxd6 19. Rfd1 Nd3 20. dxc5 bxc5 21. Bc3
a5 22. g4 Qe7 23. Rd2 Bc6 24. Ng3 a4 1/2-1/2

[Event "18. Open de Gros 2008"]
[Site "San Sebastián ESP"]
[Date "2008.09.23"]
[Round "5.6"]
[White "Argandona Riveiro, Inigo"]
[Black "Roldan Riaga, Roberto"]
[Result "1-0"]
[WhiteElo "2375"]
[BlackElo "2028"]
[PlyCount "75"]
[EventDate "2008.09.20"]
[EventType "swiss"]
[EventRounds "9"]
[EventCountry "ESP"]
[Source "lmi"]
[SourceDate "2008.09.20"]

1. Nf3 d5 2. d4 Nf6 3. c4 c6 4. Nc3 e6 5. Bg5 h6 6. Bxf6 Qxf6 7. Qb3 Nd7 8. e4
dxe4 9. Nxe4 Qf4 10. Bd3 Be7 11. O-O O-O 12. Rfe1 Nf6 13. Ng3 Qc7 14. Rad1 b6
15. Bb1 Bb7 16. Qc2 Rfd8 17. Ne5 Bd6 18. f4 Kf8 19. f5 Bc8 20. Qe2 exf5 21.
Bxf5 Re8 22. Qf3 Bxf5 23. Qxf5 Re6 24. Ng6+ fxg6 25. Qxe6 Bxg3 26. hxg3 Re8 27.
Qh3 Qd8 28. Rxe8+ Qxe8 29. g4 Qe2 30. Qd3 Qxg4 31. d5 cxd5 32. cxd5 Kg8 33. d6
Nd7 34. Qf3 Qe6 35. Qb3 Qxb3 36. axb3 Kf7 37. Re1 Nf6 38. Re7+ 1-0

[Event "18. Open de Gros 2008"]
[Site "San Sebastián ESP"]
[Date "2008.09.23"]
[Round "5.7"]
[White "Sanz Perez, Eduardo"]
[Black "Veras Sanz, Jose Antonio"]
[Result "1-0"]
[WhiteElo "2154"]
[BlackElo "1671"]
[PlyCount "56"]
[EventDate "2008.09.20"]
[EventType "swiss"]
[EventRounds "9"]
[EventCountry "ESP"]
[Source "lmi"]
[SourceDate "2008.09.20"]

1. e4 c5 2. Nc3 Nc6 3. g3 g6 4. Bg2 Bg7 5. d3 d6 6. f4 e6 7. Nf3 Nge7 8. O-O
O-O 9. Be3 Nd4 10. Qd2 Rb8 11. Nd1 Nxf3+ 12. Rxf3 b5 13. g4 Bb7 14. f5 exf5 15.
gxf5 gxf5 16. Bh6 fxe4 17. Bxg7 Kxg7 18. Rh3 e3 19. Nxe3 Bxg2 20. Nxg2 Nf5 21.
Rf1 Qf6 22. Rh5 Qd4+ 23. Kh1 Kh8 24. Rhxf5 Rg8 25. Qc3 Qxc3 26. bxc3 Rg7 27.
Rxf7 Rbg8 28. Rxg7 Kxg7 1-0

[Event "18. Open de Gros 2008"]
[Site "San Sebastián ESP"]
[Date "2008.09.23"]
[Round "5.8"]
[White "Tung, Kai Ming"]
[Black "Rodriguez Gonzalez, Javier"]
[Result "0-1"]
[WhiteElo "1989"]
[BlackElo "2280"]
[PlyCount "64"]
[EventDate "2008.09.20"]
[EventType "swiss"]
[EventRounds "9"]
[EventCountry "ESP"]
[Source "lmi"]
[SourceDate "2008.09.20"]

1. e4 e6 2. d4 d5 3. exd5 exd5 4. Nc3 Bb4 5. Nf3 Nc6 6. Bb5 Nge7 7. Ne5 O-O 8.
Bxc6 Nxc6 9. Nxc6 bxc6 10. O-O Qf6 11. Ne2 Bd6 12. Be3 Bg4 13. Qd2 Rab8 14. c3
Rfe8 15. b3 h6 16. Rae1 Re7 17. f3 Bc8 18. Qd3 Rb6 19. c4 Bb4 20. Nc3 Ba6 21.
Bd2 Rb8 22. Rxe7 Qxe7 23. Re1 Qd7 24. Bf4 c5 25. dxc5 Bxc5+ 26. Kh1 d4 27. Nd5
Qxd5 28. Bxc7 Rc8 29. cxd5 Bxd3 30. d6 Bf5 31. g4 Bd7 32. Re7 Rxc7 0-1

[Event "18. Open de Gros 2008"]
[Site "San Sebastián ESP"]
[Date "2008.09.23"]
[Round "5.9"]
[White "Tung, Siu Hung"]
[Black "Lakunza Oyarbide, Juan Carlos"]
[Result "0-1"]
[WhiteElo "1905"]
[BlackElo "2122"]
[PlyCount "144"]
[EventDate "2008.09.20"]
[EventType "swiss"]
[EventRounds "9"]
[EventCountry "ESP"]
[Source "lmi"]
[SourceDate "2008.09.20"]

1. e4 e5 2. Nf3 Nc6 3. d4 exd4 4. Nxd4 Nf6 5. Nxc6 bxc6 6. Bd3 d5 7. exd5 cxd5
8. O-O Be7 9. Nc3 O-O 10. Re1 Rb8 11. a3 c5 12. b3 Be6 13. Bf4 Bd6 14. Bg3 Bxg3
15. hxg3 Qa5 16. Nb1 c4 17. Be2 Rfd8 18. Nd2 Qc3 19. Bf3 Ne4 20. Nf1 Ng5 21.
Re3 Qf6 22. bxc4 d4 23. Re1 Nxf3+ 24. gxf3 Bxc4 25. Nd2 Bd5 26. Ne4 Qf5 27. Kg2
Bc6 28. Rb1 Rxb1 29. Qxb1 g5 30. g4 Qf4 31. Qb4 Kg7 32. Qc5 Ba4 33. Nxg5 Rd7
34. Re4 Qf6 35. f4 Bc6 36. Kg3 Bxe4 37. Nxe4 Qe7 38. Qc6 Qe6 39. Qa8 d3 40.
cxd3 Rxd3+ 41. f3 Qb6 42. Nf2 Rxa3 43. Qd5 Ra5 44. Qc4 Qc5 45. Qe2 Qd4 46. Qc2
Ra1 47. Nh3 a5 48. Qf5 Qf6 49. Qc5 Ra4 50. Qc1 Qd4 51. Qb1 Rb4 52. Qf5 Qb6 53.
Qe5+ Kg8 54. Qe8+ Kg7 55. Qe5+ Kf8 56. Qh8+ Ke7 57. Qe5+ Kd8 58. Qd5+ Ke7 59.
Kh4 f6 60. Qh5 a4 61. Qxh7+ Kd8 62. g5 fxg5+ 63. Kxg5 Qd6 64. Qh8+ Kd7 65. Kg4
a3 66. Qh7+ Kd8 67. Qg8+ Kc7 68. Qa8 Rb7 69. Ng5 Kb6 70. Qg8 Ra7 71. Qb3+ Kc7
72. Qf7+ Qd7+ 0-1

[Event "18. Open de Gros 2008"]
[Site "San Sebastián ESP"]
[Date "2008.09.23"]
[Round "5.10"]
[White "Elduayen Etxabe, Inaki"]
[Black "Darrigues, Alain"]
[Result "0-1"]
[WhiteElo "1739"]
[BlackElo "2012"]
[PlyCount "86"]
[EventDate "2008.09.20"]
[EventType "swiss"]
[EventRounds "9"]
[EventCountry "ESP"]
[Source "lmi"]
[SourceDate "2008.09.20"]

1. e4 c5 2. Nf3 Nc6 3. d4 cxd4 4. Nxd4 Nf6 5. Nc3 e5 6. Nf5 d5 7. exd5 Bxf5 8.
dxc6 bxc6 9. Qf3 Qd7 10. Bc4 Bd6 11. Bg5 e4 12. Qe2 O-O 13. O-O Rfe8 14. f3 e3
15. Bxe3 Bf4 16. Ne4 Bxe3+ 17. Qxe3 Bxe4 18. fxe4 Rxe4 19. Qd3 Rd4 20. Qb3 Rf8
21. c3 Rd2 22. Rad1 Qd6 23. Rxd2 Qxd2 24. Rf2 Qe3 25. Qd1 Ne4 26. Qf1 Nxf2 27.
Qxf2 Qxf2+ 28. Kxf2 Rd8 29. Ke2 Kf8 30. b4 Ke7 31. a4 f6 32. Bd3 Kd6 33. Bxh7
Rh8 34. Be4 Rxh2 35. c4 Rh1 36. b5 cxb5 37. axb5 Kc5 38. Bd5 Ra1 39. Kd3 Re1
40. Kd2 Re5 41. Kc3 Rxd5 42. cxd5 Kxd5 43. Kb4 f5 0-1